Statistics for Top 10 Most Vegetarian Countries

Click here to take the quiz!

General Stats

  • This quiz has been taken 61 times
  • The average score is 6 of 10

Answer Stats

%Country% Correct
38India
88%
9United Kingdom
85%
9Germany
78%
5Australia
61%
6Ireland
58%
10Italy
54%
9Austria
49%
8Brazil
37%
13Israel
36%
12Taiwan
36%

Score Distribution

Percentile by Number Answered

Percent of People with Each Score

Your Score History

You have not taken this quiz